000 00351nam a22001217a 4500
008 130611b xxu||||| |||| 00| 0 eng d
082 _222 ed.
_a348.041WEE
_b1
100 _aELLIS,C.J
245 _aThe Weekly Law Reports 1982 VOL.1
_cELLIS,C.J.
260 _aENGLAND
_bTHE INCORPROATE COUNCIL OF LAW
300 _axxxiii,;482P,
_c24 cm
942 _2ddc
_cLRT
999 _c5381
_d5381